Focus on art / (Record no. 22243)

000 -LEADER
fixed length control field 00896cam a2200265 a 4500
001 - CONTROL NUMBER
control field 1844255
005 - DATE AND TIME OF LATEST TRANSACTION
control field 20170123155805.0
008 - FIXED-LENGTH DATA ELEMENTS--GENERAL INFORMATION
fixed length control field 821129s1982 nyua 000 0 eng
010 ## - LIBRARY OF CONGRESS CONTROL NUMBER
LC control number 81051719
020 ## - INTERNATIONAL STANDARD BOOK NUMBER
International Standard Book Number 0847804046 (pbk.)
040 ## - CATALOGING SOURCE
Original cataloging agency DLC
Transcribing agency DLC
Modifying agency DLC
-- OCoLC
041 1# - LANGUAGE CODE
Language code of text/sound track or separate title engger
050 00 - LIBRARY OF CONGRESS CALL NUMBER
Classification number N6490
Item number .S6513 1982
100 1# - MAIN ENTRY--PERSONAL NAME
Personal name Spies, Werner,
Dates associated with a name 1937-
240 10 - UNIFORM TITLE
Uniform title <a href="Auge am Tatort.">Auge am Tatort.</a>
Language of a work English
245 10 - TITLE STATEMENT
Title Focus on art /
Statement of responsibility, etc. Werner Spies ; [translated by Luna Carne-Ross and John William Gabriel].
260 ## - PUBLICATION, DISTRIBUTION, ETC. (IMPRINT)
Place of publication, distribution, etc. New York :
Name of publisher, distributor, etc. Rizzoli,
Date of publication, distribution, etc. 1982.
300 ## - PHYSICAL DESCRIPTION
Extent 279 p. :
Other physical details ill. ;
Dimensions 24 cm.
500 ## - GENERAL NOTE
General note Translation of: Das Auge am Tatort.
650 #0 - SUBJECT ADDED ENTRY--TOPICAL TERM
Topical term or geographic name as entry element Art, Modern
Chronological subdivision 20th century.
942 ## - ADDED ENTRY ELEMENTS (KOHA)
Source of classification or shelving scheme
Koha item type Hard Covered Materials
Classification part N6490 .S6513 1982
Holdings
Withdrawn status Lost status Source of classification or shelving scheme Damaged status Not for loan Home library Current library Shelving location Date acquired Source of acquisition Total Checkouts Full call number Barcode Date last seen Price effective from Koha item type
          MACHAKOS UNIVERSITY LIBRARY MACHAKOS UNIVERSITY LIBRARY Technical section 23/01/2017 Donation(BFA)   N6490 .S6513 1982 31806 04/07/2018 23/01/2017 Hard Covered Materials
© Machakos University Library, Along The Highway, Machakos Wote Rd, Machakos, Kenya P.O. Box 136 - 90100 Machakos - Kenya

Tel: ( +254 ) 723 805829 OR Fax : 044-20353 OR Email: library@mksu.ac.ke